Dünya basınından herkes için seçilmiş yazılar (Record no. 11498)

MARC details
000 -BAŞLIK
Sabit Uzunlukta Kontrol Alanı 00649na a2200241 4500
001 - KONTROL NUMARASI
Denetim Alanı 21906
003 - KONTROL NUMARASI IDENTIFIER
Denetim Alanı MIRAKIL
005 - SON İŞLEM TARİHİ VE ZAMANI
Denetim Alanı 20181226092846.0
008 - SABİT-BOY VERİ ELEMANLARI - GENEL BİLGİLER
Sabit Uzunlukta Kontrol Alanı 170208b tu n0 0 0
035 ## - SİSTEM KONTROL NUMARASI
Sistem Kontrol Numarası 20918
040 ## - KATALOGLAMA KAYNAK
Orijinal Kataloglama Ajansı Milas
Kataloglama Dili tur
Metne Dönüştürmek Ajansı TR-AnCHP
041 ## - DİL KODU
Metin / Ses Parça Veya Ayrı Başlığın Dil Kodu tur
090 ## - SINIFLAMA NUMARASI
Sınıflama Numarası 050 DER 53
245 ## - BAŞLIK TABLOSU
Başlık Dünya basınından herkes için seçilmiş yazılar
260 ## - YAYIN, DAĞITIM, VB
Yayın, Dağıtım, Vb Yeri İstanbul
Yayıncı, Dağıtıcı, Vs Adı Arif Bolat Kitabevi
Yayın, Dağıtım, Vb Tarihi 1948-1949
300 ## - FİZİKSEL TANIM
Kapsam c.
Diğer Fiziksel Ayrıntıları res.
Boyutlar 19 sm.
362 ## - YAYIN VE / VEYA SIRALI GÖREVLENDİRİLMESİNE TARİHLERİ
Yayın Ve / Veya Ardışık Kullanım Amacı Tarihleri 1.cilt, 1.sayı (Eylül 1948)-2.c.,12.s.(1949)
650 ## - KONU KATMA GİRİŞ - TOPİKAL DÖNEM
Topikal Süreli Veya Coğrafi Ad Giriş Elemanı Edebiyat
Form Alt Bölümü Süreli yayınlar
650 ## - KONU KATMA GİRİŞ - TOPİKAL DÖNEM
Topikal Süreli Veya Coğrafi Ad Giriş Elemanı Magazin
910 ## - KULLANICI SEÇENEK, VERİLERİN (OCLC)
Kullanıcı Seçenek Veri DERGİ 53
942 ## - EKLENDİ GİRİŞ ELEMANLARI (KOHA)
Sınıflandırma Veya Raf Düzeni Kaynak Dewey Decimal Classification
Koha Öğesi Türü Serials
999 ## - SİSTEM KONTROL NUMARALARI (KOHA)
Koha Biblionumber 11498
Koha Biblioitemnumber 11498
310 ## - MEVCUT YAYIN FREKANSI
Güncel Yayın Frekansı Haftalık
Holdings
Kullanım Kısıtlamaları Kalıcı Konum Mevcut Konum Edinme Tarihi Kodlu Konum Eleme Toplam Check-Out'Lar Tam Çağrı Numarası Barkod Tarih Son Görülme İtibaren Geçerli Fiyatlar Sigara Kamu Notu Koha Öğesi Türü
Kütüphane dışına çıkarılamaz CHP Kütüphanesi CHP Kütüphanesi 02/08/2017 SÜRELİ YAYINLAR   050 DER 12 D053 02/08/2017 02/08/2017 Ciltli Serials